Normal view
MARC view
- مبادئ الرسم واللون-الرسم-الفنون
Entry Topical Term
001 - CONTROL NUMBER
- control field: 49827
003 - CONTROL NUMBER IDENTIFIER
- control field: JO-AjAnu
005 - DATE AND TIME OF LATEST TRANSACTION
- control field: 20230606082216.0
008 - FIXED-LENGTH DATA ELEMENTS
- fixed length control field: 230606|| aca||aabn | a|a d
040 ## - CATALOGING SOURCE
- Original cataloging agency: JO-AjAnu
- Transcribing agency: JO-AjAnu
150 ## - HEADING--TOPICAL TERM
- Topical term or geographic name entry element: مبادئ الرسم واللون-الرسم-الفنون
670 ## - SOURCE DATA FOUND
- Source citation: Work cat.: (JO-AjAnu)25478: تأليف الفالح، ندى , author 49826, مبادى الرسم واللون